A problem solving approach to mathematics for elementary school teachers / (Record no. 29637)

000 -LEADER
fixed length control field 01256cam a2200301 a 4500
001 - CONTROL NUMBER
control field 17020986
005 - DATE AND TIME OF LATEST TRANSACTION
control field 20180427151040.0
008 - FIXED-LENGTH DATA ELEMENTS--GENERAL INFORMATION
fixed length control field 111025s2013 maua 001 0 eng
010 ## - LIBRARY OF CONGRESS CONTROL NUMBER
LC control number 2011042972
020 ## - INTERNATIONAL STANDARD BOOK NUMBER
International Standard Book Number 9780321756664
040 ## - CATALOGING SOURCE
Original cataloging agency DLC
Transcribing agency DLC
Modifying agency DLC
042 ## - AUTHENTICATION CODE
Authentication code pcc
050 00 - LIBRARY OF CONGRESS CALL NUMBER
Classification number QA135.6
Item number .B55 2013
082 00 - DEWEY DECIMAL CLASSIFICATION NUMBER
Classification number 372.7/044
Edition number 23
100 1# - MAIN ENTRY--PERSONAL NAME
Personal name Billstein, Rick.
245 12 - TITLE STATEMENT
Title A problem solving approach to mathematics for elementary school teachers /
Statement of responsibility, etc. Rick Billstein, Shlomo Libeskind, Johnny W. Lott.
250 ## - EDITION STATEMENT
Edition statement 11th ed.
260 ## - PUBLICATION, DISTRIBUTION, ETC. (IMPRINT)
Place of publication, distribution, etc. Boston :
Name of publisher, distributor, etc. Pearson,
Date of publication, distribution, etc. c2013.
300 ## - PHYSICAL DESCRIPTION
Extent xix, 994, 13 p. :
Other physical details ill. (some col.) ;
Dimensions 29 cm. +
Accompanying material 1CD-ROM (4 3/4 in.)
500 ## - GENERAL NOTE
General note Includes index.
650 #0 - SUBJECT ADDED ENTRY--TOPICAL TERM
Topical term or geographic name as entry element Mathematics
General subdivision Study and teaching (Elementary)
650 #0 - SUBJECT ADDED ENTRY--TOPICAL TERM
Topical term or geographic name as entry element Problem solving
General subdivision Study and teaching (Elementary)
700 1# - ADDED ENTRY--PERSONAL NAME
Personal name Libeskind, Shlomo.
700 1# - ADDED ENTRY--PERSONAL NAME
Personal name Lott, Johnny W.,
Dates associated with a name 1944-
906 ## - LOCAL DATA ELEMENT F, LDF (RLIN)
a 7
b cbc
c orignew
d 1
e ecip
f 20
g y-gencatlg
942 ## - ADDED ENTRY ELEMENTS (KOHA)
Source of classification or shelving scheme
Koha item type Hard Covered Materials
Classification part QA 135.5 .B55 2012
Holdings
Withdrawn status Lost status Source of classification or shelving scheme Damaged status Not for loan Home library Current library Shelving location Date acquired Source of acquisition Total Checkouts Full call number Barcode Date last seen Price effective from Koha item type
          MACHAKOS UNIVERSITY LIBRARY MACHAKOS UNIVERSITY LIBRARY Technical section 27/04/2018 Donation(BFA)   QA 135.5 .B55 2012 38299 07/09/2018 27/04/2018 Hard Covered Materials
© Machakos University Library, Along The Highway, Machakos Wote Rd, Machakos, Kenya P.O. Box 136 - 90100 Machakos - Kenya

Tel: ( +254 ) 723 805829 OR Fax : 044-20353 OR Email: library@mksu.ac.ke